Click to Build the World Map - No Mercy! - Statistics

General Stats
  • This quiz has been taken 609 times
  • The average score is 69 of 196
Answers on the Map
Answers color-coded by a green-red scale on the quiz's map according to % correct below.
 
Answer Stats
Answer % Correct
Canada
100%
United States
99%
Russia
95%
China
90%
Mexico
86%
Japan
79%
India
65%
Turkey
64%
Ukraine
61%
Iran
59%
Kazakhstan
59%
Myanmar
59%
South Korea
59%
Belarus
58%
Finland
56%
Romania
53%
Honduras
52%
Poland
52%
Saudi Arabia
52%
Vietnam
52%
Bulgaria
51%
Argentina
49%
Brazil
49%
Egypt
49%
Syria
49%
France
47%
Germany
47%
Jordan
47%
Nicaragua
47%
Pakistan
47%
Switzerland
47%
United Kingdom
47%
Italy
46%
Libya
45%
Algeria
42%
Cuba
42%
Greece
42%
South Sudan
42%
Sudan
42%
Venezuela
42%
Colombia
41%
Ethiopia
41%
Guyana
41%
North Macedonia
41%
Thailand
41%
Costa Rica
40%
Georgia
40%
Kosovo
40%
Malaysia
40%
Panama
40%
Bosnia and
Herzegovina
39%
Indonesia
39%
Luxembourg
39%
Niger
38%
Peru
38%
Serbia
38%
Singapore
38%
Bolivia
37%
Chad
37%
Kenya
37%
Morocco
37%
Bhutan
36%
Israel
36%
Portugal
36%
Spain
36%
Australia
35%
Guatemala
35%
Nepal
35%
Papua New Guinea
35%
Slovenia
35%
Trinidad and Tobago
35%
Azerbaijan
34%
Nigeria
34%
San Marino
34%
Benin
33%
Cameroon
33%
Croatia
33%
Czech Republic
33%
El Salvador
33%
Mozambique
33%
Slovakia
33%
Somalia
33%
Tanzania
33%
Democratic Republic
of the Congo
32%
Djibouti
32%
East Timor
32%
Ghana
32%
Iraq
32%
Ivory Coast
32%
Jamaica
32%
Kuwait
32%
Liberia
32%
Norway
32%
Qatar
32%
Afghanistan
31%
Angola
31%
Botswana
31%
Central African
Republic
31%
Madagascar
31%
Namibia
31%
Republic of the Congo
31%
South Africa
31%
Uruguay
31%
Burkina Faso
30%
Equatorial Guinea
30%
Gabon
30%
Gambia
30%
Haiti
30%
Moldova
30%
Senegal
30%
Turkmenistan
30%
Uzbekistan
30%
Belize
29%
Chile
29%
Denmark
29%
Mongolia
29%
Seychelles
29%
Sri Lanka
29%
Taiwan
29%
Andorra
28%
Austria
28%
Bahrain
28%
Cambodia
28%
Cyprus
28%
Iceland
28%
Latvia
28%
New Zealand
28%
North Korea
28%
Paraguay
28%
Sweden
28%
Uganda
28%
Armenia
27%
Bangladesh
27%
Belgium
27%
Burundi
27%
Ecuador
27%
Estonia
27%
Grenada
27%
Hungary
27%
Ireland
27%
Laos
27%
Liechtenstein
27%
Lithuania
27%
Netherlands
27%
Philippines
27%
Rwanda
27%
United Arab Emirates
27%
Bahamas
26%
Barbados
26%
Dominican Republic
26%
Kiribati
26%
Kyrgyzstan
26%
Maldives
26%
Malta
26%
Mauritius
26%
Monaco
26%
Montenegro
26%
Saint Lucia
26%
Suriname
26%
Tajikistan
26%
Tunisia
26%
Vatican City
26%
Yemen
26%
Albania
25%
Antigua and Barbuda
25%
Brunei
25%
Cape Verde
25%
Eritrea
25%
Lebanon
25%
Lesotho
25%
Malawi
25%
Mauritania
25%
Oman
25%
Samoa
25%
Zambia
25%
Comoros
24%
São Tomé and
Príncipe
24%
Eswatini
24%
Federated States of
Micronesia
24%
Guinea
24%
Guinea-Bissau
24%
Mali
24%
Saint Vincent and the
Grenadines
24%
Sierra Leone
24%
Zimbabwe
24%
Dominica
23%
Fiji
23%
Saint Kitts and Nevis
23%
Togo
23%
Marshall Islands
22%
Tuvalu
22%
Solomon Islands
21%
Tonga
21%
Nauru
20%
Palau
20%
Vanuatu
20%
No matching quizzes found
Score Distribution
Percent of People with Each Score
Percentile by Number Answered
Your Score History
You have not taken this quiz